00665nam a2200241 a 4500001001300000003000900013005001700022008004100039020001100080082001800091100001400109245001500123260005400138300000900192500003500201505000900236650002000245700001400265902000800279942000700287952011400294999001500408nice12345678IN_TiNIC20260116011744.0050524s1957 hyda grp 000 0 urd  ac3.2500a891.4393bBAS aBasi, P M aPi Batiyan aHyderabad bMarkazi Anjuman Taleemus Salat c1957 a280p aincludes index and biblioraphy2 aIll. aUrdu-Literature1 aBasi, P M bSRS cBK 001040708StackRoom-aHMIbHMId2007-05-31g3.25l0o891.4393 BASp05441r2007-05-31v3.25w2005-05-24yBK c3734d3734